Digital signal processing : (Registro nro. 22615)

Detalles MARC
000 -Cabecera
Campo de control interno 00454nam a2200181Ia 4500
005 - Fecha y hora del registro
control field 20260414150843.0
008 - Elementos de Longitud Fija
fixed length control field 260414t2009||||xx |||||||||||||| ||spa||
041 ## - Idioma
Codigo Idioma ESP
082 ## - DEWEY y NOTACIÓN INTERNA
Dewey 621.3822
Notación Interna D243
100 ## - AUTOR
Autor denominación Williston, Kenton
Término de relación autor
245 #0 - TÍTULO DE MATERIAL BIBLIOGRÁFICO
Título Digital signal processing :
Título paralelo world class designs
260 ## - CIUDAD, EDITORIAL, AÑO
Año 2009
300 ## - DESCRIPCIÓN
N° Páginas xviii, 460 páginas :
Dimensiones 23 cm.
650 ## - TEMAS
Temas Tecnología (Ciencias Aplicadas)
654 ## - PROGRAMAS
Programa Dpto. de Ingeniería Electrónica y Telecomunicaciones
942 ## - ELEMENTOS DE KOHA
Tipo de documento Libro
Nombre del creador Justo Noguera
Código de catalogador Justo Noguera
Esquema de clasificación Dewey Decimal Classification
Suppress in OPAC
Existencias
Codigo completo Registro Colección Copia número Disponibilidad Tipo de préstamo Biblioteca Actual Procedencia (Biblioteca) Ubicacón Fecha Ingreso Tipo de Adquisición Date last seen Total checkouts Price effective from Tipo de Item Estado del Material Damaged status Withdrawn status
621.3822 D243 1006863 Universidad Católica San Pablo 1 Disponible Disponible Víctor Andrés Belaunde Víctor Andrés Belaunde Segundo piso 14/04/2026 Compra 14/04/2026   14/04/2026 Libro Bueno